000 00783nam a2200229Ia 4500
003 GCL
008 140319s9999 xx 000 0 ara d
020 _a7195930977
040 _aGCL /
_cGCL
082 0 4 _aق
_b355.3432
_bع ع
100 1 _aعادل حموده
245 1 0 _aعملية سوزانا :
_bأول عملية ارهابية للموساد في مصر /
_cعادل حموده
250 _aالاولى
260 _aالقاهرة :
_bالفرسان للنشر ،
_c2002
300 _a237ص ؛
_c22 سم
490 _a
650 0 4 _aالنزاع العربى الاسرائيلى
650 0 4 _aالجاسوسية
650 0 4 _aالمخابرات العسكرية - مصر
650 0 4 _aالمخابرات العسكرية - اسرائيل
942 _2ddc
_cBK
999 _c33030
_d33030